El Incal integral
Guardat en:
| Autors principals: | , |
|---|---|
| Format: | Llibre |
| Idioma: | espanyol |
| Publicat: |
Barcelona
Penguin Random House
2017
|
| Edició: | 1a. ed |
| Col·lecció: | Reservoir Books
|
| Matèries: | |
| Etiquetes: |
Afegir etiqueta
Sense etiquetes, Sigues el primer a etiquetar aquest registre!
|
MARC
| LEADER | 00000cam a2200000 a 4500 | ||
|---|---|---|---|
| 001 | UCC0313 | ||
| 003 | CL-VaPUC | ||
| 008 | 170804e20170000sp |||||||||||||||||spa|d | ||
| 020 | |a 9788416709298 | ||
| 082 | 0 | 4 | |a 741.59 |b JOD |2 21 |
| 100 | |a Jodorowsky Prullansky, Alejandro |e author |9 563327 | ||
| 700 | 0 | |a Moebius |e author |9 594221 | |
| 245 | 1 | 3 | |a El Incal integral |
| 250 | |a 1a. ed | ||
| 300 | |a 432 p | ||
| 942 | |c BK | ||
| 945 | |d 20170804 10:38:00 |a dcastane | ||
| 260 | |a Barcelona |b Penguin Random House |c 2017 | ||
| 650 | 0 | |a Cómics |9 369534 | |
| 650 | 0 | |a Historietas |9 369533 | |
| 650 | 0 | |a Alquimia |9 265879 | |
| 583 | |a last modification |c 20170804 10:38:00 |k Rodrigo Vera | ||
| 490 | 0 | |a Reservoir Books | |
| 999 | |c 369174 |d 369172 | ||
| 952 | |0 0 |1 1 |2 ddc |3 erd |4 0 |6 741_590000000000000_JOD_2017 |7 0 |8 R |9 484764 |a BIBART |b BIBART |i 5412390 |l 7 |m 1 |o 741.59 JOD 2017 |p 5412390 |r 2023-01-11 |s 2022-10-19 |w 2019-11-24 |y BK_R |z Catalogado en:20170804 |k ART | ||